LEADER 00943nam0 22002651i 450 001 UON00232743 005 20231205103510.211 100 $a20030730d1939 |0itac50 ba 101 $agre 102 $aGR 105 $a|||| 1|||| 200 1 $aOdysseia$fOmerou$gArchaion keimenon emmetros metaphrasis Zesimou Sidere 210 $aAthenai$cZacharapoulos$d1939 215 $a135 p.$d20 cm. 620 $aGR$dAtene$3UONL000203 676 $a880$cLetteratura greca classica$v21 700 0$aHOMERUS$3UONV055874$0155559 712 $aZacharopoulos & Sia$3UONV271089$4650 790 0$aOMERO$zHOMERUS$3UONV055876 801 $aIT$bSOL$c20250613$gRICA 899 $aSIBA - SISTEMA BIBLIOTECARIO DI ATENEO$2UONSI 912 $aUON00232743 950 $aSIBA - SISTEMA BIBLIOTECARIO DI ATENEO$dSI FONDO ZORAS 0351 $eSI EO 34573 5 0351 996 $aOdysseia$916508 997 $aUNIOR